Score 0/20 Timer 08:00
1 Play Today
% Correct
Titanic
98.3%
Forrest Gump
96.3%
Up
87.4%
Toy Story 2
78.2%
The Usual Suspects
72.3%
The Godfather: Part II
71.8%
Casablanca
69.8%
Batman Begins
68.4%
Stand by Me
64%
Memento
61.2%
% Correct
Zombieland
60.1%
Fight Club
60.1%
The 40-Year-Old Virgin
48.6%
Indiana Jones and the Last Crusade
46.7%
The Grand Budapest Hotel
44%
Superbad
41.9%
Slumdog Millionaire
40.8%
Highlander
39.3%
It's a Wonderful Life
31.9%
Citizen Kane
26.2%
Remove Ads.
Support Sporcle.
Get the best of Sporcle when you Go Orange. This ad-free experience offers more features, more stats, and more fun while also helping to support Sporcle. Thank you for becoming a member.

You're not logged in!

Compare scores with friends on all Sporcle quizzes.
OR
Log In

Show Comments

Extras

Top Quizzes Today


Score Distribution

Your Account Isn't Verified!

In order to create a playlist on Sporcle, you need to verify the email address you used during registration. Go to your Sporcle Settings to finish the process.

Report this User

Report this user for behavior that violates our Community Guidelines.

Details: